000 01239cam a22003617a 4500
001 4269
003 FISKH
005 20240711095519.0
008 080624s2007 nyua j 000 0 eng
010 _a 2008299546
020 _a0545007186
020 _a9780545007184
020 _a9780545057660
040 _aNUW
_cNUW
_dBAKER
_dXY4
_dVP@
_dDLC
_beng
050 _aQL104.C66
082 _a591.70911
100 1 _aCooper, Wade.
245 1 0 _aPolar animals /
_cWade Cooper.
260 _aNew York :
_bScholastic,
_c2008.
300 _a31 pages :
_bcolor illustrations ;
_c23 cm
440 0 _aScholastic reader.
_nLevel 1
505 _aF
520 _a"Simple words and sentences combine with amazing photographs of real-life animals to make this an inspiring early reader that children will love to read together, read with help--and read alone!"--Cover back.
521 8 _a350
_bLexile
521 8 _aF
_bRaz-Plus
650 0 _aAnimals
_zPolar regions
_vJuvenile literature.
650 0 _aZoology
_zArctic regions
_vJuvenile literature.
650 1 _aAnimals
_zPolar regions.
650 1 _aZoology
_zArctic regions.
906 _a7
_bcbc
_ccopycat
_d2
_encip
_f20
_gy-gencatlg
942 _2ddc
_cBK
_n0
999 _c4269
_d4269